[Event "FIDE Disabilities Olym"]
[Site "Belgrade"]
[Date "2023.02.02"]
[Round "?"]
[White "Babula, Milan"]
[Black "Otero Munelo, Harlen Jose"]
[Result "1-0"]
[WhiteElo "2107"]
[BlackElo "2099"]
[PlyCount "124"]
[EventDate "2023.01.30"]
[EventType "team-swiss"]
[EventRounds "6"]
[EventCountry "SRB"]
[SourceTitle "CBM 212 Extra"]
[Source "ChessBase"]
[SourceDate "2023.03.31"]
[SourceVersion "1"]
[SourceVersionDate "2023.03.31"]
[SourceQuality "1"]
[WhiteTeam "Czech Republic"]
[BlackTeam "Venezuela"]
[WhiteTeamCountry "CZE"]
[BlackTeamCountry "VEN"]

1. e4 e5 2. Nc3 Bc5 3. g3 Nf6 4. Bg2 0-0 5. Nf3 d6 6. 0-0 Nc6 7. d3 Bg4 8. h3 Bxf3 9. Qxf3 Nd4 10. Qd1 a6 11. Kh2 h6 12. f4 c6 13. Ne2 Qe7 14. c3 Nxe2 15. Qxe2 Rad8 16. Bd2 Rd7 17. Rae1 Bb6 18. h4 Re8 19. Bh3 Rdd8 20. Qf3 Nh7 21. h5 Rf8 22. Re2 Kh8 23. Bf5 Ba7 24. Kh1 Rde8 25. Rg2 Bb6 26. b3 Rd8 27. Re1 Qf6 28. Rh2 Rfe8 29. Rhe2 Kg8 30. Qg4 Kh8 31. Qh3 Rf8 32. Rf1 Qe7 33. Qg4 Rb8 34. Kg2 Rbd8 35. Bc1 c5 36. c4 Nf6 37. Qh3 Ng8 38. Bb2 Bc7 39. a3 b5 40. cxb5 axb5 41. Ra1 Nf6 42. Qh4 Rde8 43. Rc1 Bb6 44. Kf3 Bd8 45. Rec2 Qb7 46. Qh1 c4 47. fxe5 dxe5 48. bxc4 bxc4 49. dxc4 Qb3+ 50. Kg2 Nh7 51. Re2 Bg5 52. Rc3 Qb6 53. Qd1 g6 54. c5 Qc7 55. Qd7 Qa5 56. hxg6 Nf6 57. Qd6 fxg6 58. Bxg6 Rd8 59. Qxe5 Qb5 60. Rcc2 Rd3 61. c6 Kg8 62. Qxb5 Rf7 1-0

[Event "FIDE Disabilities Olym"]
[Site "Belgrade"]
[Date "2023.02.01"]
[Round "?"]
[White "Sargissyan, Sargis"]
[Black "Otero Munelo, Harlen Jose"]
[Result "1-0"]
[WhiteElo "2226"]
[BlackElo "2099"]
[PlyCount "59"]
[EventDate "2023.01.30"]
[EventType "team-swiss"]
[EventRounds "6"]
[EventCountry "SRB"]
[SourceTitle "CBM 212 Extra"]
[Source "ChessBase"]
[SourceDate "2023.03.31"]
[SourceVersion "1"]
[SourceVersionDate "2023.03.31"]
[SourceQuality "1"]
[WhiteTeam "IPCA"]
[BlackTeam "Venezuela"]
[BlackTeamCountry "VEN"]

1. e4 d5 2. exd5 Nf6 3. Nf3 Nxd5 4. d4 g6 5. c4 Nb6 6. Nc3 Bg7 7. Be3 0-0 8. h3 Nc6 9. Be2 e5 10. d5 Ne7 11. g4 f5 12. Qb3 Kh8 13. 0-0-0 Bd7 14. c5 Nbc8 15. Qxb7 Nd6 16. cxd6 cxd6 17. Bxa7 h6 18. Bb6 Qe8 19. Bc7 e4 20. Nd4 Be5 21. Kb1 Ng8 22. gxf5 gxf5 23. Qb6 Nf6 24. Bxd6 Bxd6 25. Qxd6 Rb8 26. Ne6 Rf7 27. Qe5 Qc8 28. Rhg1 Qb7 29. b3 Qb4 30. Rg6 1-0

[Event "IBCA-ol blind 15th"]
[Site "Ohrid"]
[Date "2017.06.27"]
[Round "8.1"]
[White "Szilagyi, Samuel Attila"]
[Black "Otero Munelo, Harlen Jose"]
[Result "1/2-1/2"]
[WhiteElo "1773"]
[BlackElo "2122"]
[PlyCount "75"]
[EventDate "2017.06.19"]
[EventType "team-swiss"]
[EventRounds "9"]
[EventCountry "MKD"]
[SourceTitle "CBM 179 Extra"]
[Source "ChessBase"]
[SourceDate "2017.08.23"]
[SourceVersion "1"]
[SourceVersionDate "2017.08.23"]
[SourceQuality "1"]
[WhiteTeam "Hungary"]
[BlackTeam "Venezuela"]
[WhiteTeamCountry "HUN"]
[BlackTeamCountry "VEN"]

1. e4 d5 2. exd5 Nf6 3. d4 Nxd5 4. Be2 g6 5. Nf3 Bg7 6. 0-0 0-0 7. Re1 Nc6 8. h3 Bf5 9. a3 Nb6 10. Be3 e5 11. c3 e4 12. Nh2 Nd5 13. Nd2 h5 14. Bf1 Nxe3 15. Rxe3 Bh6 16. Re1 Re8 17. Nc4 Qg5 18. Kh1 Rad8 19. Ne3 Bc8 20. Bc4 Ne5 21. Be2 Qh4 22. Rf1 Kg7 23. Qe1 Nc6 24. Rd1 Qg5 25. Rg1 f5 26. g4 hxg4 27. hxg4 f4 28. Nf5+ Kf6 29. Nxh6 Rh8 30. f3 Rxh6 31. fxe4 Rdh8 32. Rg2 Rh3 33. Qf2 Kg7 34. Rd2 f3 35. Bxf3 Rf8 36. Rd3 Qc1+ 37. Rg1 Qf4 38. Rg2 1/2-1/2

[Event "IBCA-ol blind 15th"]
[Site "Ohrid"]
[Date "2017.06.25"]
[Round "6.1"]
[White "Nizam, Rasim"]
[Black "Otero Munelo, Harlen Jose"]
[Result "0-1"]
[WhiteElo "2158"]
[BlackElo "2122"]
[PlyCount "114"]
[EventDate "2017.06.19"]
[EventType "team-swiss"]
[EventRounds "9"]
[EventCountry "MKD"]
[SourceTitle "CBM 179 Extra"]
[Source "ChessBase"]
[SourceDate "2017.08.23"]
[SourceVersion "1"]
[SourceVersionDate "2017.08.23"]
[SourceQuality "1"]
[WhiteTeam "Bulgaria"]
[BlackTeam "Venezuela"]
[WhiteTeamCountry "BUL"]
[BlackTeamCountry "VEN"]

1. e4 d5 2. exd5 Nf6 3. d4 Bg4 4. Bb5+ Nbd7 5. Be2 Bxe2 6. Nxe2 Nxd5 7. c4 N5f6 8. Nbc3 e6 9. 0-0 Be7 10. Qb3 Rb8 11. h3 0-0 12. Bf4 a6 13. a4 h6 14. Rfd1 Bd6 15. Be3 b6 16. Qc2 Qe7 17. a5 Ra8 18. Ra2 Bb4 19. axb6 cxb6 20. Rda1 a5 21. b3 Rfc8 22. Rd1 Rab8 23. Qd3 Rd8 24. Qb1 Rbc8 25. Nb5 e5 26. d5 Nc5 27. Ng3 Qd7 28. Bxc5 Bxc5 29. Qd3 g6 30. Re1 Re8 31. Rae2 Bb4 32. Rd1 Kg7 33. f3 Rcd8 34. Kh1 Re7 35. Rf1 Qe8 36. Nc3 Nd7 37. Nb5 Nf6 38. Nc3 Nd7 39. Na4 f5 40. Rd1 Bd6 41. Nf1 Qf7 42. Nd2 Qf6 43. Rde1 Qh4 44. Nf1 Rf8 45. g3 Qf6 46. Qc2 Kh7 47. Kg2 h5 48. Nd2 h4 49. g4 e4 50. Rf1 e3 51. Nb1 fxg4 52. hxg4 Qf4 53. Kg1 Ne5 54. Nbc3 Nxf3+ 55. Kh1 h3 56. Nd1 Nd4 57. Rxf4 Rxf4 0-1

[Event "San Cristobal op 26th"]
[Site "San Cristobal"]
[Date "2016.02.05"]
[Round "4"]
[White "Vivas Zamora, Fabian Ernesto"]
[Black "Otero Munelo, Harlen Jose"]
[Result "1-0"]
[WhiteElo "2077"]
[BlackElo "2133"]
[PlyCount "58"]
[EventDate "2016.02.04"]
[EventType "swiss"]
[EventRounds "7"]
[EventCountry "VEN"]
[SourceTitle "CBM 170 Extra"]
[Source "ChessBase"]
[SourceDate "2016.02.25"]
[SourceVersion "1"]
[SourceVersionDate "2016.02.25"]
[SourceQuality "1"]

1. e4 d5 2. exd5 Qxd5 3. Nc3 Qd6 4. d4 a6 5. Nf3 Nf6 6. Be3 Bg4 7. h3 Bh5 8. g4 Bg6 9. Ne5 Nc6 10. Bg2 e6 11. Bf4 Nd5 12. Nxd5 exd5 13. Nxg6 Qxg6 14. Bxc7 Qe6+ 15. Kf1 Be7 16. c3 Rc8 17. Bg3 0-0 18. Qb3 Rfd8 19. Re1 Qd7 20. h4 Bd6 21. Qxd5 Qc7 22. Qf3 Re8 23. Rxe8+ Rxe8 24. Kg1 Bxg3 25. fxg3 Qa5 26. Qd5 Qc7 27. Kf2 Qe7 28. Qf3 f6 29. Qd3 Nd8 1-0